|
|
|
|
| LEADER |
01099nam a22002897a 4500 |
| 001 |
36234 |
| 003 |
BD-DhAAL |
| 005 |
20211130145841.0 |
| 008 |
191017t1998 xxua||||||||| 00| 0 eng d |
| 999 |
|
|
|c 41631
|d 41631
|
| 020 |
|
|
|a 9780026742436
|
| 020 |
|
|
|a 0026742438
|
| 040 |
|
|
|a BD-DhAAL
|
| 082 |
|
|
|a 510
|2 23
|
| 245 |
|
|
|a SRA math :
|b explorations and applications.
|n Level 3 /
|c Stephen S. Willoughby ... [et al.].
|
| 260 |
|
|
|a Ohio :
|b SRA/McGraw-Hill,
|c c1998.
|
| 300 |
|
|
|a 154 pages :
|b illustrations ;
|c 28 cm.
|
| 526 |
|
|
|a BIED
|
| 541 |
|
|
|a Complimentary copy from BIED
|e 36234
|
| 650 |
|
|
|a Mathematics
|x Study and teaching (Elementary).
|9 36122
|
| 700 |
|
|
|a Willoughby, Stephen S.
|9 36123
|
| 700 |
|
|
|a Bereiter, Carl
|9 36124
|
| 700 |
|
|
|a Hilton, Peter
|9 36125
|
| 700 |
|
|
|a Rubinstein, Joseph H.
|9 36126
|
| 852 |
|
|
|a Ayesha Abed Library
|c BIED Collection
|
| 942 |
|
|
|2 ddc
|c BK
|
| 952 |
|
|
|0 0
|1 0
|2 ddc
|4 0
|6 510_000000000000000_SRA
|7 0
|9 66822
|a BRACUL
|b BRACUL
|c GEN
|d 2019-10-17
|e Complimentary copy from BIED
|l 0
|o 510 SRA
|p 3010036234
|r 2019-10-17
|t 1
|w 2019-10-17
|y BK
|x Transferred from BIED to General Stacks
|